000 01308nam a22003737a 4500
003 CHAP
005 20220329141428.0
008 971013s1981 r 00010 d
010 _a67998
011 _a68970
035 _a78444
040 _cCHAP
090 _aTesis
100 0 0 _aGuzmán Cortés, José Luis.
_951937
245 _aDetección de niveles de antibióticos en la leche de vaca para consumo humano
260 _aDurango, Dgo. :
_bEl autor,
_c1981
300 _a34 h.
_b; gráfs.
500 _a26-129
502 _aTesis (Médico Veterinario Zootecnista). -- Univ. Juárez del Estado de Durango Escuela de Medicina Veterinaria y Zootecnia
590 _aALEPH
_b10
_c20130110
_lUCH01
_h1404
590 _aBATCH-UPD
_b10
_c20130110
_lUCH01
_h0542
590 _aBATCH-UPD
_b10
_c20130110
_lUCH01
_h2340
590 _aBATCH-UPD
_b10
_c20130410
_lUCH01
_h0222
590 _aBATCH-UPD
_b10
_c20130410
_lUCH01
_h1628
590 _aBATCH-UPD
_b10
_c20130914
_lUCH01
_h0352
590 _aBATCH-UPD
_b10
_c20130914
_lUCH01
_h2140
590 _aCONVERSION
_b10
_c20130109
_lUCH01
_h1337
650 1 4 _aAntibióticos en alimentos.
_96051
650 1 4 _aLeche
_xConsumo.
_965366
700 0 _aSalazar García, David.
_9101373
901 _aBK
942 _cTESIS
949 _bBC
_cTES
_d-31318
_eTS1
_h18561
_i78444
_si
999 _c67998
_d67998